Almost Useless Mythology Trivia Quiz Stats

 Plays Quiz Updated Apr 4, 2019

Score 0/30 Timer 06:00
10 Plays Today
Question Answer % Correct
Which goddess was the sister-wife of Zeus?Hera
90%
What weapon was a symbol of Poseidon?Trident
88.2%
Who is the Norse shapeshifting trickster god?Loki
87.6%
The domain of Bacchus was focused on what beverage?Wine
83.8%
Who slew the nine-headed Lernaean Hydra?Heracles
79.3%
Which beetles were revered as sacred in ancient Egypt?Scarab
77.1%
During what war was Homer's epic poem The Iliad set?Trojan
74.6%
Into what river was Achilles dipped, granting invulnerability?Styx
73.8%
What was the name of the three-headed hound of Hades?Cerberus
71.9%
The Egyptian god Ra has the head of which bird?Hawk
71%
What type of creature is Fawkes in the Harry Potter series?Phoenix
69%
What type of monster were Medusa and Euryale?Gorgon
67.2%
Cupid is the Roman equivalent of which Greek god?Eros
65.7%
Which Roman goddess was the consort of Mars?Venus
65.4%
Daedalus was the father of what Greek character?Icarus
65%
Question Answer % Correct
Which Greek island was home to the Minotaur's Labyrinth?Crete
63.5%
What species were Odin's birds, Huginn and Muninn?Ravens
63.4%
Which female figures carry fallen warriors into Valhalla?Valkyries
63.4%
In what city can the Great Sphinx statue be found?Giza
59.4%
What chemical element is named for a god of the sun?Helium
59%
By what name is Thor's hammer known?Mjölnir
56.3%
Name the jackal-headed Egyptian god of mummification.Anubis
56.2%
What creature in Jewish folklore is created from mud or clay?Golem
52.6%
Name this ancient Egyptian symbol representing 'life': ☥Ankh
52.1%
Who was the Roman goddess of wisdom?Minerva
50.1%
In Norse myth, what animal was the 8-legged Sleipnir?Horse
45.1%
Name any of the nine Muses from Greek mythology.Clio
43.9%
What monster lived across a narrow channel from Charybdis?Scylla
41.1%
Name the rainbow bridge connecting Midgard to Asgard.Bifröst
39.9%
In Norse tales, what sort of beings are Dökkálfar & Ljósálfar?Elves
28.9%

You're not logged in!

Compare scores with friends on all Sporcle quizzes.
OR
Log In

Sporcle TV

Today on Sporcle TV


Watch our educational content, quiz creation guides, and fun videos on Sporcle TV.

Show Comments

Extras

Top Quizzes Today


Score Distribution

Your Account Isn't Verified!

In order to create a playlist on Sporcle, you need to verify the email address you used during registration. Go to your Sporcle Settings to finish the process.

Report this User

Report this user for behavior that violates our Community Guidelines.

Details: